[Event "Ch Moscow (1/2 final)"]
[Site "masterchessopen.com Moscow (Russia)"]
[Round "0"]
[White "Mitenkov Alexey (RUS)"]
[Black "Kiselev Sergey (RUS)"]
[Result "1-0"]
[WhiteElo "2429"]
[BlackElo "2423"]

1.d4 Nf6 2.c4 e6 3.Nc3 Bb4 4.Qc2 c5 5.dxc5 O-O 6.a3 Bxc5 7.Nf3 b6 ( 7...d5 ) (
7...Nc6 ) 8.Bg5 Be7 9.Rd1 Bb7 10.e4 { ! } 10...Nc6 11.Be2 h6 { ?! } ( 11...Rc8
12.e5 Ng4 13.Bf4 f6 14.exf6 Bxf6 15.Bd6 Rf7 16.O-O { ? Biriukov Oleg V (RUS) -
Belozerov Andrei (RUS), St. Petersburg (Russia) 2000 } ) ( 11...a6 12.O-O Qc7
13.Nd5 exd5 14.cxd5 Rac8 15.dxc6 dxc6 16.e5 Nd5 17.Qe4 Rfe8 18.Bc4 Bf8 19.Rfe1
h6 20.Bc1 Rcd8 21.Nd4 c5 22.Nf5 Nf6 23.Nxh6+ gxh6 24.Qg6+ Kh8 25.Qxf6+ Bg7
26.Qxf7 Qxf7 27.Bxf7 Rxd1 28.Rxd1 Rxe5 29.Rd8+ Kh7 30.Bg8+ Kg6 31.Rd6+ Bf6
32.Bd2 Re8 33.Bc3 Rxg8 34.Rxf6+ Kh5 35.f3 { 1-0, Petursson Margeir (ISL) -
Gulko Boris F (USA), New York (USA) 1991 } ) 12.Bf4 { ! } ( 12.Bh4 Rc8 13.O-O
Nh5 { ! } 14.Bxe7 Qxe7 15.Rfe1 Na5 16.Nb5 d5 17.Nxa7 Ra8 18.exd5 Rxa7 19.b4
exd5 20.bxa5 Rxa5 21.cxd5 Rxd5 22.Rxd5 Bxd5 { 1/2-1/2, Cramling Pia (GM) (SWE)
- Marin Mihail (ROM), Barcelona (Spain) 2000 } ) 12...Rc8 { N } ( 12...Nh5
13.Be3 Nf6 14.e5 Ng4 15.Bf4 f6 16.exf6 Nxf6 17.O-O d5 18.cxd5 exd5 19.Bxh6
gxh6 20.Qg6+ Kh8 21.Qxh6+ Nh7 22.Rxd5 Qc8 23.Bd3 Rf7 24.Rh5 Qg8 25.Bc4 Rd8
26.Nd5 Rd6 27.Qe3 Qg4 28.Qc3+ Bf6 29.Nxf6 Rdxf6 30.Rxh7+ Rxh7 31.Qxf6+ Rg7
32.Qh6+ { 1-0, Sabi Yoseph (ISR) - Kamber Bruno (SUI), Bern (Switzerland) 1989
} ) 13.O-O Na5 14.Nd2 Nc6 15.Nb3 { ! } 15...Ba6 16.e5 { ! } 16...Ne8 17.Qd3
Nb8 18.Nb5 Bxb5 19.cxb5 { ± } 19...Bg5 20.Bg3 Bh4 21.Nd4 Bxg3 22.Qxg3 Qe7
23.f4 { ? } 23...d6 24.f5 { ! } 24...dxe5 25.Qxe5 Rc5 26.Qe3 e5 27.b4 Rc7 { DA
} 28.f6 { ! } ( 28.Nf3 Nf6 { ? } ) 28...Nxf6 ( 28...gxf6 29.Nf5 { +?? } )
29.Nf5 Qe8 ( 29...Qe6 30.Rd6 Qa2 31.Rxf6 { !+?? } ) 30.Nxh6+ { ! } 30...gxh6
31.Rxf6 Qe7 32.Qxh6 { ? ?f3-g3+?? } {#r} 1-0

[Event "It (open) \"]
[Site "masterchessopen.com Raipur (India)"]
[Round "7"]
[White "Sundararajan Kidambi (IND)"]
[Black "Vijayalakshmi Subbaraman (IND)"]
[Result "0-1"]
[WhiteElo "2416"]
[BlackElo "2416"]

1.d4 Nf6 2.c4 e6 3.Nc3 Bb4 4.Qc2 c5 5.dxc5 O-O 6.a3 Bxc5 7.Nf3 Qb6 8.e3 Be7
9.Bd3 d6 10.O-O Nbd7 11.b4 Qc7 12.Bb2 b6 13.Rfd1 Bb7 14.Nb5 Qb8 15.Ng5 h6
16.Ne4 d5 17.cxd5 Nxd5 18.Ng3 Rc8 19.Qb3 a6 20.Nd4 Nxe3 21.Nxe6 Bd5 22.Bh7+
Kxh7 23.Qxe3 Bxe6 24.Rxd7 Bxd7 25.Qxe7 Be6 26.Nh5 Qc7 27.Qh4 Qc4 28.f4 Qe2
29.Bd4 Qd2 30.Bxg7 Qe3+ 31.Qf2 Qxf2+ 32.Kxf2 Rc2+ 33.Kg3 Rg8 {#R} 0-1

[Event "It (open) \"]
[Site "masterchessopen.com Schwabisch Gmund (Germany)"]
[Round "8"]
[White "Lorscheid Gerhard (GER)"]
[Black "Kunin Vitaly (GER)"]
[Result "0-1"]
[WhiteElo "2322"]
[BlackElo "2476"]

1.d4 Nf6 2.c4 e6 3.Nc3 Bb4 4.Qc2 c5 5.dxc5 O-O 6.Nf3 Na6 7.e3 Nxc5 8.Bd2 b6
9.Be2 Bb7 10.O-O Qe7 11.a3 Bxc3 12.Bxc3 Rac8 13.Rac1 Rfd8 14.Rfd1 Be4 {#R} 0-1

[Event "Ch Switzerland (team) 2002"]
[Site "masterchessopen.com Switzerland"]
[Round "6"]
[White "Gabriel Christian (GER)"]
[Black "Kupper Patrick (SUI)"]
[Result "1-0"]
[WhiteElo "2569"]
[BlackElo "2284"]

1.d4 Nf6 2.c4 e6 3.Nc3 Bb4 4.Qc2 c5 5.dxc5 O-O 6.Nf3 Na6 7.g3 Nxc5 8.Bg2 Nce4
9.O-O Nxc3 10.bxc3 Be7 11.Nd4 Qc7 12.Qb3 a6 13.Rd1 Rb8 14.Rb1 d6 15.Nc6 bxc6
16.Qxb8 Qa5 17.Qb4 Qh5 18.Rb2 c5 19.Qb6 Ng4 20.h3 Ne5 21.Qc7 Bd7 22.Re1 Qg6
23.Bf4 Bd8 24.Qxd6 {#r} 1-0

[Event "It (open) (ELO)"]
[Site "masterchessopen.com Tampere (Finland)"]
[Round "7"]
[White "Luukkonen Tommi (FIN)"]
[Black "Berzinsh Roland (LAT)"]
[Result "0-1"]
[WhiteElo "2092"]
[BlackElo "2449"]

1.c4 Nf6 2.Nc3 e6 3.d4 Bb4 4.Qc2 c5 5.dxc5 O-O 6.a3 Bxc5 7.Nf3 Qc7 8.Bg5 Be7
9.e4 d6 10.Be2 a6 11.O-O b6 12.Rac1 Bb7 13.b4 h6 14.Bh4 Re8 15.Rfd1 Nbd7
16.Nd2 Rac8 17.f3 d5 18.exd5 exd5 19.Bd3 Bd6 20.h3 dxc4 21.Bxc4 b5 22.Bb3 Bf4
23.Qa2 Ne5 24.Bxf6 Qb6+ 25.Kh1 Qxf6 26.Nde4 Qh4 27.Rc2 Nc4 28.Re2 Kh8 29.Rd7
Bxe4 30.Nxe4 f5 31.Nf2 Qg3 32.Kg1 Ne3 {#R} 0-1

[Event "Ch France"]
[Site "masterchessopen.com Aix les Bains (France)"]
[Round "10"]
[White "Vaisser Anatoly (FRA)"]
[Black "Sokolov Andrei (FRA)"]
[Result "0-1"]
[WhiteElo "2581"]
[BlackElo "2591"]

{ Sokolov Andrei (FRA) +0 =1 -0 } 1.d4 { 1 } 1...Nf6 2.c4 e6 3.Nc3 Bb4 4.Qc2
c5 5.dxc5 O-O 6.a3 Bxc5 7.Nf3 b6 { ? } ( 7...Nc6 8.Bg5 Nd4 9.Nxd4 Bxd4 10.e3
Qa5 11.exd4 Qxg5 12.Qd2 Qxd2+ 13.Kxd2 b6 14.Bd3 Bb7 15.f3 g5 16.Be4 Nxe4+
17.Nxe4 Bxe4 { 1/2-1/2, Schenk Andreas 2478 - Sokolov Andrei, France 2003 Ch
France (team) 2003 } ) 8.e3 ( 8.Bg5 Bb7 9.e3 Be7 10.Be2 a6 11.O-O h6 12.Bh4 d6
13.Rfd1 Qc7 14.Rac1 Nbd7 15.Bg3 Nh5 16.Bh4 Nhf6 17.Nd2 Ne5 18.Bg3 Rac8 19.h3
Rfd8 20.Qb1 Qb8 21.b4 Qa8 22.Bf1 Ned7 23.Bh4 Re8 24.Qb2 Qa7 25.Bg3 d5 26.cxd5
Nxd5 27.Nce4 b5 { ...1-0, Karpov Anatoly 2688 - Macieja Bartlomiej 2629 ,
Warsaw 2003 Match (active) } ) ( 8.Bf4 Bb7 9.Rd1 Nh5 10.Ng5 g6 11.Bc1 Be7
12.Nf3 Bxf3 13.exf3 Bg5 14.f4 Bh6 15.g3 Nc6 16.Bg2 Rc8 17.Qa4 Bg7 18.Nb5 d5
19.cxd5 exd5 20.O-O d4 21.Rfe1 a5 22.Bh3 f5 23.Bf1 Kh8 24.Bc4 Nf6 25.Be6 Nd7
26.Qc4 Na7 27.Qf1 Nxb5 { ...1-0, Ivanchuk Vassily 2730 - Zvjaginsev Vadim 2650
, Elista 1998 Cup President (play-off) } ) 8...Bb7 9.Bd3 ( 9.Be2 Qc7 10.b4 Be7
11.Bb2 a6 12.Rc1 d6 13.O-O Nbd7 14.Bd3 Bxf3 15.gxf3 Ne5 16.Qe2 Rac8 17.Ne4
Nxe4 18.Bxe5 dxe5 19.Bxe4 a5 20.Qb2 f5 21.Bd3 axb4 22.axb4 Qd6 23.Rfd1 Qxb4
24.Qxe5 Rc6 25.Qb5 Rfc8 26.Qxb4 Bxb4 27.Rb1 Bc5 28.f4 Ra8 { ...1/2-1/2,
Tikkanen Hans 2306 - Palo Davor 2484 , Hallsberg 2003 It (open) (juniors) } )
9...Bxf3 { N } ( 9...Be7 10.b4 ( 10.Bd2 d5 11.cxd5 exd5 12.Nd4 Nc6 13.Nxc6
Bxc6 14.Ne2 Rc8 15.Nd4 Bb5 16.Bc3 Bxd3 17.Qxd3 Ne4 18.Rc1 Qd7 19.O-O Nxc3
20.Rxc3 Rxc3 21.Qxc3 Rc8 22.Qb3 Bf6 23.Rd1 Bxd4 24.Rxd4 Rc1+ 25.Rd1 Qc6 26.h3
g6 27.Rxc1 Qxc1+ 28.Kh2 Qd2 29.Kg3 { ...0-1, Berta Krisztian 2160 - Nagy Ervin
2335 , Hungary 1997 Ch Hungary (team) 1997/98 } ) 10...a5 11.b5 d6 12.Bb2 Nbd7
13.Ne4 Rc8 14.O-O d5 15.Nxf6+ Bxf6 16.Bxf6 Qxf6 17.Rac1 g6 18.Qe2 Nc5 19.cxd5
Bxd5 20.e4 Bb7 21.Bb1 Qf4 22.Qd2 Qxd2 23.Nxd2 Rfd8 24.Rfd1 Rd4 25.Nc4 Nb3
26.Rxd4 Nxc1 27.Kf1 Nb3 28.Rd3 a4 29.Nxb6 { ...0-1, Van Den Bosch Johannes -
Steiner Endre 2450 , Budapest 1929 It } ) ( 9...h6 10.b4 ( 10.O-O d5 11.cxd5
Nxd5 12.Be4 Nd7 13.Nxd5 exd5 14.Bh7+ Kh8 15.Bf5 Bd6 16.Rd1 Qe7 17.Nd4 Rad8
18.Bd2 Rfe8 19.Bc3 Nc5 20.Bh3 Qc7 21.g3 Ne4 22.Be1 Qb8 23.Rac1 Be5 24.Bb4 a5
25.Be1 Qd6 26.f3 Ng5 27.Bg2 Bxd4 28.exd4 Qe6 29.h4 { ...1/2-1/2, Peregudov Y
2220 - Jakovenko Dmitry 2410 , Tomsk 1998 Cup Russia (open) } ) 10...Be7
11.Bb2 a5 12.b5 d6 13.h4 Nbd7 14.Ng5 Rc8 15.Nce4 Nxe4 16.Bxe4 Bxe4 17.Qxe4
Bxg5 18.hxg5 Qxg5 19.f4 Qg3+ 20.Kf1 Nc5 21.Qf3 Qxf3+ 22.gxf3 Na4 23.Bd4 Rxc4
24.Ke2 f6 25.Rag1 e5 26.Ba1 Kh7 27.Rd1 Rc2+ 28.Kd3 Ra2 29.Ke4 { ...0-1,
Carmona Jose Luis 2145 - Emma Jaime 2405 , Rio Hondo 1966 Zt } ) ( 9...Nc6
10.O-O Rc8 11.b3 Ne7 12.Bb2 Bxf3 13.gxf3 Ng6 14.Rad1 Qe7 15.Kh1 Bxa3 16.Bxa3
Qxa3 17.Ra1 Qc5 18.Rxa7 Ne5 19.Ne4 Nxe4 20.fxe4 Nf3 21.Kg2 Qh5 { 0-1,
Delalande Thierry 2183 - Bagaturov Giorgi 2473 , Sautron 2001 It (open) } ) (
9...Qc7 10.b4 Be7 11.Bb2 a6 ( 11...Nc6 12.Rc1 a6 13.O-O Rac8 14.h3 h6 15.Rfd1
Rfd8 16.Qe2 d6 17.Rd2 Nd7 18.Ne4 f5 19.Ng3 Nce5 20.Nd4 Nxd3 21.Rxd3 Nf8 22.f4
g6 23.e4 Qd7 24.exf5 exf5 25.Ngxf5 gxf5 26.Rg3+ Bg5 27.fxg5 f4 28.Rg4 h5
29.Rxf4 { ...1-0, Bircher D - Martig Markus 2120 , Lenk 1994 It (open) } )
12.Ne4 Nxe4 { } ) ( 9...d5 10.cxd5 exd5 11.b4 Be7 12.Bb2 Nbd7 13.O-O Rc8
14.Rac1 Ne4 15.Qe2 Bf6 16.Nb5 a6 17.Nbd4 b5 18.Rxc8 Qxc8 19.Rc1 Qa8 20.Nf5 Rc8
21.N3d4 Rxc1+ 22.Bxc1 Qb8 23.f3 Nd6 24.Qf2 Ne5 25.Bc2 Qc7 26.Nxd6 Qxd6 27.Nb3
Nc4 28.Nc5 Bc8 29.Qe2 { ...0-1, Fichtner Kathrin 2070 - Elschner Annegret 2145
, Germany 1995 Bundesliga 1994/95 (w) } ) ( 9...a6 10.b3 Be7 11.Bb2 d6 12.Ng5
h6 13.h4 Nbd7 14.f3 Rc8 15.O-O-O Bc6 16.Kb1 b5 17.cxb5 Bxb5 18.Bxb5 axb5 19.b4
Qb6 20.Nge4 d5 21.Nxf6+ Bxf6 22.Qd3 Rc4 23.f4 Rfc8 24.Rc1 Qc6 25.Ne2 Bxb2
26.Kxb2 Nb6 27.Nd4 Na4+ 28.Ka2 Qb6 29.Rxc4 { ...1/2-1/2, Kincs Imre 2220 -
Csiszar Zoltan 2215 , Pecs 1998 Ch Hungary (open) } ) 10.gxf3 Nc6 { } 11.Bd2 {
?! } ( 11.b4 { !? } 11...Bd6 12.Bb2 Ne5 13.Be2 { } ) 11...d5 12.cxd5 exd5
13.b4 Be7 14.Nb5 d4 15.Be4 { ? } ( { ? } 15.Qxc6 dxe3 16.Bxh7+ Kxh7 17.Qc2+ {
} ) 15...Nxe4 16.Qxe4 Bf6 17.Rc1 dxe3 18.fxe3 { ?! } ( 18.Bxe3 { !? } 18...Ne5
19.Ke2 Qd7 20.Nc7 { } ) 18...Ne5 19.Ke2 Qd7 20.Nd4 Rad8 21.Qf5 Qd6 { ?! } (
21...Qxf5 { !? } 22.Nxf5 Nxf3 23.Bc3 Ne5 { } ) 22.Bc3 { ? } ( { ? } 22.Rc2 Qe7
23.Nb5 Rd7 24.Rg1 { } ) 22...Rfe8 23.Ba1 { ?! } ( 23.Bb2 { !? } 23...Ng6
24.Kf2 Rxe3 25.Rc6 { } ) 23...Ng6 24.Rc4 Nf4+ 25.Kd2 Ne6 { ? } ( { ? }
25...Ng2 26.e4 Nh4 27.Qg4 b5 { } ) 26.Kc1 { ?! } ( 26.f4 { !? } 26...Qd7 { } )
26...Nxd4 27.Bxd4 Bxd4 28.exd4 g6 29.Qg5 Rc8 30.Qb5 Qf4+ 31.Kb2 Qd2+ 32.Ka1
Re1+ { } {#R} 0-1

[Event "Ch France (accession)"]
[Site "masterchessopen.com Aix les Bains (France)"]
[Round "4"]
[White "Marcelin Cyril (FRA)"]
[Black "Picard Serge (FRA)"]
[Result "1-0"]
[WhiteElo "2453"]
[BlackElo "2172"]

1.d4 Nf6 2.c4 e6 3.Nc3 Bb4 4.Qc2 c5 5.dxc5 O-O 6.a3 Qa5 7.Bd2 Nc6 8.e3 Ne5
9.Nf3 Nxf3+ 10.gxf3 Bxc3 11.Bxc3 Qc7 12.Bd3 h6 13.O-O-O Rd8 14.Rhg1 Ne8 15.f4
Kf8 16.Be2 f5 17.Bh5 Nf6 18.Bxf6 gxf6 19.Qc3 {#r} 1-0

[Event "It (cat.2)"]
[Site "masterchessopen.com Budapest (Hungary)"]
[Round "6"]
[White "Kaposztas Miklos (HUN)"]
[Black "Berczes David (HUN)"]
[Result "1-0"]
[WhiteElo "2216"]
[BlackElo "2321"]

1.d4 Nf6 2.c4 e6 3.Nc3 Bb4 4.Qc2 c5 5.dxc5 O-O 6.a3 Bxc5 7.Nf3 b6 8.Bg5 Bb7
9.e3 Be7 10.Be2 d6 11.O-O Nbd7 12.Rfd1 a6 13.Rac1 Rc8 14.Qb1 Qc7 15.Bh4 Rfd8
16.h3 Qb8 17.Nd2 Qa8 18.Bf1 Re8 19.b4 b5 20.Qb2 Nb6 21.cxb5 Rxc3 22.Qxc3 axb5
23.Qd4 Qa6 24.Qd3 Qa7 25.Qxb5 Rb8 26.Nb3 Nbd5 27.Qa5 {#r} 1-0

[Event "It (open)"]
[Site "masterchessopen.com Dubai (United Arab Emirates)"]
[Round "1"]
[White "Gagunashvili Merab (GEO)"]
[Black "Mirzoeva Elmira (RUS)"]
[Result "1-0"]
[WhiteElo "2567"]
[BlackElo "2265"]

1.d4 Nf6 2.c4 e6 3.Nc3 Bb4 4.Qc2 c5 5.dxc5 O-O 6.a3 Bxc5 7.Nf3 b6 8.Bg5 Bb7
9.e4 h6 10.Bh4 Be7 11.Rd1 Nh5 12.Bg3 Nxg3 13.hxg3 a6 14.e5 Qc7 15.Ne4 Nc6
16.Nf6+ Bxf6 17.exf6 Ne5 18.fxg7 Nxf3+ 19.gxf3 Kxg7 20.Qc3+ f6 21.Be2 Rf7
22.Rd4 d5 23.Rg4+ Kf8 24.Rxh6 Ke7 25.Rg7 Rxg7 26.Qxf6+ Ke8 27.Qxe6+ {#r} 1-0

[Event "Ch Russia (w)"]
[Site "masterchessopen.com Elista (Russia)"]
[Round "6"]
[White "Grabuzova Tatiana (RUS)"]
[Black "Shadrina Tatiana (RUS)"]
[Result "0-1"]
[WhiteElo "2332"]
[BlackElo "2401"]

{ } 1.d4 { 1 } 1...Nf6 2.c4 e6 3.Nc3 Bb4 4.Qc2 c5 5.dxc5 O-O 6.a3 Bxc5 7.Nf3
b6 8.Bf4 Bb7 9.e3 { ? = } ( 9.Rd1 Bxf3 10.exf3 Nc6 11.b4 Nh5 12.Bc1 Be7 13.Be2
f5 14.f4 Nf6 15.O-O Rc8 16.Be3 Rf7 17.Rd2 Bf8 18.Rfd1 g6 19.Bf3 Bg7 20.Nb5 d5
21.Qb3 Rd7 22.cxd5 exd5 23.Bxd5+ Kh8 24.Bxc6 Rxc6 25.Rxd7 Nxd7 26.Qd5 { 1-0,
Ivanchuk Vassily 2730 - Zvjaginsev Vadim 2650 , Elista 1998 Cup President
(play-off) } ) 9...d5 ( 9...Be7 10.Rd1 a6 11.Bd3 d6 12.Ng5 h6 13.h4 Nbd7
14.Nge4 e5 15.Nxf6+ Nxf6 16.Bh2 Bxg2 17.Rg1 Bf3 18.Be2 Bxe2 19.Nxe2 Qc7 20.Ng3
Kh8 21.Nf5 Rg8 22.Qd3 Rad8 23.e4 Rd7 24.b3 Bf8 25.Qf3 Qd8 26.Qe3 Kh7 27.Qd3 g6
28.Ne3 h5 29.Bg3 { ...0-1, Grooten Herman 2405 - Cebalo Miso 2500 , Leukerbad
1992 It (open) } ) ( 9...Bxf3 10.gxf3 d5 11.cxd5 exd5 12.O-O-O Nc6 13.Bb5 Ne7
14.Bg5 Rc8 15.Bxf6 gxf6 16.Kb1 Qd6 17.Ba6 Rc6 18.Bb7 a5 19.Bxc6 Qxc6 20.Rhg1+
Kh8 21.Rg3 Rc8 22.Rdg1 Ng6 23.Na4 Qe6 24.Nxc5 bxc5 25.h4 c4 26.f4 Ne7 27.Qc3
a4 28.h5 Rb8 29.Rc1 { ...0-1, Solana Suarez Ernesto 2390 - Garcia Padron Jose
2420 , Canary Islands 1989 It (open) } ) ( 9...Nc6 10.Be2 Be7 11.Rd1 Rc8
12.Nb5 d5 13.Qb1 a6 14.Nc3 Na5 15.cxd5 exd5 16.Be5 Nc4 17.Bxc4 Rxc4 18.O-O Qa8
19.Bd4 b5 20.Ne5 Rc7 21.Qf5 Bc8 22.Qf3 Be6 23.h3 Qb7 24.Nd3 Rd8 25.Ne2 Ne4
26.Ng3 Ng5 27.Qe2 Rdc8 28.Nf4 Rc2 29.Rd2 { ...0-1, Karpov Anatoly 2688 -
Macieja Bartlomiej 2629 , Warsaw 2003 Match (active) } ) ( 9...Nh5 10.Bg5 { }
) 10.Rd1 Qc8 ( 10...Nbd7 11.cxd5 exd5 12.b4 Be7 13.Qb3 a6 14.Be2 b5 15.O-O Qb6
16.Ne5 Rad8 17.Bf3 Qe6 18.Nxd7 Rxd7 19.Rd4 h6 20.h3 Rfd8 21.Rfd1 Bf8 22.a4 g5
23.Bg3 Bg7 24.R4d3 Qc6 25.axb5 axb5 26.Be5 Ne4 27.Bxg7 Kxg7 28.Rxd5 Rxd5
29.Rxd5 Qxd5 30.Nxd5 { ...1-0, Delemarre Jop 2395 - Bagheri Amir 2300 , Zagan
1997 Ch World (juniors) (under 20) } ) ( 10...a5 11.cxd5 exd5 12.Bc4 Na6
13.O-O Rc8 14.Ba2 Qe7 15.Bxd5 Nxd5 16.Nxd5 Bxd5 17.Rxd5 Qb7 18.Qd3 Nc7 19.Rd7
Qa6 20.Qf5 Ne6 21.Rfd1 Nxf4 22.Qxf4 b5 23.h4 h6 24.b4 axb4 25.axb4 Ba7 26.Ne5
Bb8 27.Rxf7 Qe6 28.Rxf8+ Rxf8 29.Qxf8+ Kxf8 30.Nd7+ { ...1-0, Hoffman
Alejandro 2524 - Rizzo Marina 2040 , Buenos Aires 1999 It (open) } ) 11.cxd5
Nxd5 ( 11...exd5 12.Bd3 d4 13.Bf5 Qe8 14.Nxd4 Bxg2 15.Rg1 Nc6 16.Ndb5 Bf3
17.Rd2 Rd8 18.Bh6 Nh5 19.Rxd8 Qxd8 20.Bxh7+ Kh8 21.Qf5 gxh6 22.Qxf3 Qh4 23.Bc2
Ne5 24.Qf5 Ng6 25.Qe4 Nhf4 26.b4 Qxh2 27.Qh1 Qxh1 28.Rxh1 Ng2+ 29.Kf1 Nxe3+
30.fxe3 Bxe3 31.Nxa7 { ...1-0, Whiteley Andrew J 2395 - Farago Ivan 2500 ,
Hastings 1977 It } ) ( 11...Bxd5 12.Bd3 Bb7 13.O-O h6 14.Nb5 Nd5 15.Bg3 a6
16.Nc3 Be7 17.Nxd5 Bxd5 18.Qe2 Qb7 19.e4 Bb3 20.Rc1 Rc8 21.Nd4 Ba4 22.Rxc8+
Qxc8 23.e5 g6 24.Bxg6 fxg6 25.Qe4 Ra7 26.Qxg6+ Kh8 27.Qxh6+ Kg8 28.Rc1 Bc5
29.b4 { 1-0, Cebalo Miso 2475 - Santos, Sevilla 1987 It (open) } ) 12.Nxd5
Bxd5 13.Bd3 h6 ( 13...f5 14.O-O Nd7 15.b4 Be7 16.Qe2 Qc3 17.e4 fxe4 18.Bxe4
Rxf4 19.Bxd5 exd5 20.Qxe7 Nf6 21.Rc1 Qxa3 22.Qe6+ Kh8 23.Ne5 Qa6 24.b5 Qa3
25.g3 Rf3 26.Kg2 Re8 27.Rc8 { 1-0, Stohl Igor 2465 - Jurek Josef 2320 , Trinec
1988 Ch Czechoslovakia } ) 14.O-O a5 ( 14...Nd7 15.e4 Bb7 16.Qe2 a5 17.Rc1 a4
18.Rfd1 Rd8 19.Bb5 Nf6 20.Nd2 Bc6 21.Be3 Nd7 22.b4 axb3 23.Nxb3 Bxb5 24.Qxb5
Rxa3 25.Nxc5 bxc5 26.Bxc5 Nxc5 27.Rxd8+ Qxd8 28.Qxc5 Rd3 29.g3 Rd1+ { 1/2-1/2,
Bagirov Vladimir 2471 - Zagrebelny Sergey 2521 , Recklinghausen 1999 It (open)
} ) 15.Ne5 ( 15.Qe2 Nd7 16.e4 Bb7 17.e5 Rd8 18.Rc1 a4 19.Rfd1 Ba6 20.h4 Bxd3
21.Rxd3 Qa6 22.Qd2 Qc8 23.Rd1 Ra7 24.h5 Be7 25.Nh2 Rc7 26.Bxh6 Rc2 27.Qf4 gxh6
28.Qxh6 Bh4 29.Ng4 Nxe5 30.Nf6+ Bxf6 31.Rg3+ Ng6 32.Rxd8+ Qxd8 33.hxg6 { 1-0,
Gorelov Sergey G 2445 - Makarichev Sergey 2505 , Ivano-Frankovsk 1982 Ch URS
(qual) } ) 15...Nc6 { } 16.Bh7+ { ! } ( 16.Bc4 { ? } 16...Ne7 17.Rc1 Bd6
18.Rfd1 { } ) 16...Kh8 17.Rxd5 { ! } ( 17.Be4 { ? } 17...Ne7 18.Rd2 Qb7
19.Bxd5 { } ) 17...exd5 18.Bf5 Qb7 19.Nxc6 Qxc6 20.b4 axb4 21.axb4 Qf6 22.bxc5
bxc5 23.Bg4 { N } ( 23.g4 c4 24.Qd2 Ra1 25.Qxd5 Rxf1+ 26.Kxf1 Qa1+ 27.Kg2 Qa8
28.e4 c3 29.Qc5 g6 30.Bxh6 Rg8 31.Qxc3+ Kh7 32.Bc1 Rb8 33.Qf6 gxf5 34.Qxf7+
Kh8 35.Qxf5 Rb4 36.Bb2+ { 1-0, Lputian Smbat G 2530 - Shneider Aleksandr 2460
, Yurmala 1983 Ch URS (young masters) } ) 23...c4 24.h3 { ?! } ( 24.Qd2 { !? }
24...Ra1 25.Qxd5 Rxf1+ 26.Kxf1 { } ) 24...Ra1 25.Rxa1 Qxa1+ 26.Kh2 Qf6 27.Bf3
{ ?! } ( 27.Qd1 { !? } 27...Qc6 28.Be5 f6 29.Bc3 { } ) 27...Rd8 28.g4 { ? } (
{ ? } 28.Bc7 Rc8 29.Bg3 Rd8 30.e4 { } ) 28...g5 29.Bxd5 gxf4 30.Qxc4 fxe3
31.fxe3 Qe5+ { } {#R} 0-1

[Event "Ch NATO"]
[Site "masterchessopen.com Hoevelte (Denmark)"]
[Round "1"]
[White "Lillevold Frode (NOR)"]
[Black "Deleyn Gunter (BEL)"]
[Result "1-0"]
[WhiteElo "2129"]
[BlackElo "2285"]

1.d4 Nf6 2.c4 e6 3.Nc3 Bb4 4.Qc2 c5 5.dxc5 O-O 6.a3 Bxc5 7.Nf3 b6 8.Bg5 Be7
9.e4 Nc6 10.Be2 Bb7 11.Rd1 Rc8 12.O-O Na5 13.Rd4 h6 14.Bh4 Nc6 15.Rd2 Nh5
16.Rfd1 Nb8 17.Ne5 Bxh4 18.Bxh5 d5 19.exd5 exd5 20.Nxd5 Qg5 21.Bxf7+ Rxf7
22.Nxf7 Kxf7 23.Rd4 Bxd5 24.Rxd5 Qe7 25.Qf5+ {#r} 1-0

[Event "Ch Bosnia & Herzegovina (team)"]
[Site "masterchessopen.com Jahorina (Bosnia & Herzegovina)"]
[Round "5"]
[White "Georgiev Kiril (MKD)"]
[Black "Perunovic Milos (SRB)"]
[Result "1-0"]
[WhiteElo "2625"]
[BlackElo "2575"]

{ } 1.d4 { 1 } 1...Nf6 2.c4 e6 3.Nc3 Bb4 4.Qc2 c5 5.dxc5 O-O 6.a3 Bxc5 7.Nf3
b6 8.Bg5 Bb7 9.e4 h6 10.Bh4 Be7 11.Rd1 Nh5 12.Bxe7 Qxe7 13.Be2 Nf4 14.O-O { ?
} 14...f5 ( 14...Nc6 15.Rfe1 Nxe2+ 16.Rxe2 Na5 17.Red2 Rfd8 18.Nb5 f5 19.Nd6
Bxe4 20.Nxe4 fxe4 21.Qxe4 Nc6 22.Rd6 Rac8 23.Qd3 Rc7 24.b4 Qf6 25.Qe4 Qf5
26.Qxf5 exf5 27.h4 Nb8 28.Ne5 Re8 29.f4 Nc6 30.Nxd7 Re4 31.h5 Rxf4 32.b5 Ne7
33.Ne5 Re4 34.Re6 { ...1-0, Milos Gilberto 2590 - Sunye Neto Jaime 2500 ,
Braganca 1997 } ) 15.Rfe1 Na6 ( 15...fxe4 16.Nxe4 { } ) 16.exf5 { N } ( 16.b4
Rac8 17.e5 Rxc4 18.Qb3 Nxe2+ 19.Nxe2 Rfc8 20.Nfd4 Bd5 21.Nxf5 Qg5 22.Rxd5 exd5
23.Nd6 Qxe5 24.Nxc8 Rxc8 25.Qe3 Re8 26.Qxe5 Rxe5 27.Kf1 Nc7 28.Nd4 Rxe1+
29.Kxe1 Ne6 30.Nf5 Kf7 31.Nd6+ Kf6 32.Nc8 Nd4 33.Kd2 Nc6 34.b5 Ne5 35.a4 Nc4+
{ ...1/2-1/2, Karpov Anatoly 2699 - Zhang Zhong 2636 , Cap d'Agde 2000 It
(KO-system) } ) ( 16.Bf1 Nc5 17.Nd2 Qg5 18.g3 Qg6 19.f3 fxe4 20.fxe4 d5 21.b4
Nd7 22.Nf3 Qg4 23.Re3 Nf6 24.exd5 exd5 25.Ne5 Qg5 26.Qd2 Ne4 27.Nxe4 dxe4
28.Nd7 Rad8 29.Kh1 Ng6 30.Bh3 Ne5 31.Qe2 Nxd7 32.Rxd7 Rxd7 33.Bxd7 Rf3 34.Rxf3
exf3 35.Qe6+ Kh8 { ...0-1, Lazarev Vladimir 2458 - Divljan Igor 2226 ,
Montreal 2002 It (cat.3) } ) 16...Rxf5 17.Nd5 { ! } ( 17.Ne4 { ? } 17...Rf7
18.b4 Raf8 19.Rd2 { } ) 17...Nxe2+ { ? } ( { ? } 17...Nxd5 18.cxd5 Rc8 19.Qb1
Rcf8 { } ) 18.Rxe2 Qf7 19.Ne7+ Qxe7 20.Qxf5 Rf8 21.Qg4 Bxf3 22.gxf3 Nb8 23.b4
a5 24.b5 Qxa3 25.Re3 Qc5 26.Qd4 Qc7 27.Kg2 Rf5 { ?! } ( 27...Rf4 { !? } 28.Re4
Rf5 29.Qd6 Qa7 { } ) 28.Qd6 Qb7 29.h4 Kf7 30.Rd4 a4 { } {#r} 1-0

[Event "It (open)"]
[Site "masterchessopen.com Kavala (Greece)"]
[Round "1"]
[White "Vourtsa Georgia (GRE)"]
[Black "Zagrebelny Sergey (UZB)"]
[Result "0-1"]
[WhiteElo "1795"]
[BlackElo "2495"]

1.d4 Nf6 2.c4 e6 3.Nc3 Bb4 4.Qc2 c5 5.dxc5 O-O 6.a3 Bxc5 7.e3 b6 8.b4 Be7
9.Nf3 Bb7 10.Be2 a5 11.b5 Qc7 12.O-O d5 13.Nd2 Nbd7 14.cxd5 Nxd5 15.Bb2 Rac8
16.Rfc1 Bd6 17.Nf3 Qb8 18.Qd2 Nxc3 19.Bxc3 Bxf3 20.gxf3 Nc5 21.Rcb1 Rfd8
22.Qe1 Bxh2+ 23.Kh1 Be5 {#R} 0-1

[Event "It (open)"]
[Site "masterchessopen.com Olomouc (Czech Republic)"]
[Round "4"]
[White "Szymanski Marcin (POL)"]
[Black "Symbor Przemyslaw (POL)"]
[Result "1-0"]
[WhiteElo "2414"]
[BlackElo "2234"]

1.d4 Nf6 2.c4 e6 3.Nc3 Bb4 4.Qc2 c5 5.dxc5 O-O 6.a3 Bxc5 7.Nf3 b6 8.Bg5 Be7
9.Rd1 Bb7 10.e4 h6 11.Bh4 a6 12.Be2 Nh5 13.Bxe7 Qxe7 14.O-O Nf4 15.Qd2 f5
16.Qxf4 fxe4 17.Qc7 {#r} 1-0